সমরবিদ্যার আদি কিতাব দ্য আর্ট অব ওয়ার সান জু / (Record no. 9475)
[ view plain ]
| 000 -LEADER | |
|---|---|
| fixed length control field | 00755nam a2200229 a 4500 |
| 001 - CONTROL NUMBER | |
| JCCL Control Number | 9475 |
| 003 - CONTROL NUMBER IDENTIFIER | |
| JCCL marc code | BD-JhCC |
| 005 - DATE AND TIME OF LATEST TRANSACTION | |
| control field | 20220518134021.0 |
| 008 - FIXED-LENGTH DATA ELEMENTS--GENERAL INFORMATION | |
| fixed length control field | 180315s2017 bg |||| ||a| 000 0 b d |
| 020 ## - INTERNATIONAL STANDARD BOOK NUMBER | |
| International Standard Book Number | 9789847763392 |
| 035 ## - SYSTEM CONTROL NUMBER | |
| system control number | (BD-JhCC)9475 |
| 040 ## - CATALOGING SOURCE | |
| Original cataloging agency | BD-JhCC |
| Modifying agency | BD-JhCC |
| 041 ## - LANGUAGE CODE | |
| Language code of Book | ben |
| 082 ## - DEWEY DECIMAL CLASSIFICATION NUMBER | |
| Classification number | 355.02 |
| Author mark and Year | SAM 2017 |
| 245 ## - TITLE STATEMENT | |
| Title | সমরবিদ্যার আদি কিতাব দ্য আর্ট অব ওয়ার সান জু / |
| Statement of responsibility, etc | সাবিদিন ইব্রাহিম |
| 260 ## - PUBLICATION, DISTRIBUTION, ETC. (IMPRINT) | |
| Place of publication, distribution, etc | ঢাকা : |
| Name of publisher, distributor, etc | ঐতিহ্য ; |
| Date of publication, distribution, etc | 2017. |
| 300 ## - PHYSICAL DESCRIPTION | |
| Pagination | 78 p. : |
| Dimensions | 21 cm. |
| 651 ## - SUBJECT ADDED ENTRY--GEOGRAPHIC NAME | |
| Geographic name | Military art and Science. |
| 700 ## - ADDED ENTRY--PERSONAL NAME | |
| Personal name | ইব্রাহিম, সাবিদিন |
| 942 ## - ADDED ENTRY ELEMENTS (KOHA) | |
| Source of classification or shelving scheme | Dewey Decimal Classification |
| Koha item type | Books |
| Koha issues (borrowed), all copies | 4 |
| Source of classification or shelving scheme | Damaged status | Not for loan | Home library | Current library | Shelving location | Date of accession | Cost, normal purchase price | Total Checkouts | Full call number | Barcode | Date last seen | Date checked out | Copy number | Koha item type |
|---|---|---|---|---|---|---|---|---|---|---|---|---|---|---|
| Dewey Decimal Classification | JCC Rouf Library | JCC Rouf Library | General Stacks | 08/29/2023 | 150.00 | 4 | 355.02 SAM 2017 | 12419 | 08/29/2023 | 05/17/2022 | C - 1 | Books |